| 000 | 01035aam a2200277 a 4500 | ||
|---|---|---|---|
| 001 | 013683263 | ||
| 003 | Uk | ||
| 005 | 20090130100709.0 | ||
| 008 | 070226s2008 enk 000 0 eng d | ||
| 020 | _a0415375851 (pbk.) : | ||
| 020 | _a9780415375856 (pbk.) : | ||
| 082 | 0 | 0 |
_a332 _222 _bHON |
| 100 | 1 |
_aJones, Chris, _d1953- _929340 |
|
| 245 | 1 | 0 |
_aFinancial Economics / _cChris Jones. |
| 260 |
_aLondon : _bRoutledge, _cc2008. |
||
| 300 |
_axii, 320 p. ; _c25 cm. |
||
| 500 |
_aFormerly CIP. _5Uk |
||
| 504 | _aIncludes bibliographical references and index. | ||
| 650 | 0 |
_aFinance. _929341 |
|
| 650 | 0 |
_aEconomics. _929342 |
|
| 653 |
_bEco _cMarch2012 |
||
| 942 |
_2ddc _cBB |
||
| 999 |
_c16572 _d16572 |
||